Multi-Category Sixsomes II Quiz Stats

 Plays Quiz Updated Nov 8, 2019

Score 0/90 Timer 10:00
39 Plays Today
% Correct
Rachel Green
97.3%
Western Australia
97.3%
Phoebe Buffay
97.2%
Joey Tribbiani
97.2%
Monica Geller
97.1%
South Australia
97.1%
Chicago
97.1%
Ross Geller
97%
Chandler Bing
97%
Boston
96.8%
Queensland
96.7%
New South Wales
96.4%
New York
96.3%
Montreal
96%
Toronto
95.9%
Detroit
95.7%
Caters
95.6%
Carbonated Water
95.5%
Caffeine
95.4%
Blue
95.1%
Caster
94.9%
Caramel Color
94.9%
French
94.9%
English
94.9%
Brown
94.6%
Tasmania
94.5%
Henry VII
94.4%
Henry VIII
94.4%
Spanish
94.4%
Pink
94.4%
% Correct
Arabic
94.3%
Chinese
94.3%
Elizabeth I
94.3%
Russian
94.2%
High Fructose Corn Syrup
94.2%
Natural Flavor
94.1%
Orange
94%
White
93.7%
Phosphoric Acid
93.1%
Edward VI
92.9%
Recast
92.5%
Reacts
92.4%
Victoria
92.3%
Tangent
92.1%
Cosine
91.8%
Cotangent
91.8%
Jonah
91.7%
Poet
91.6%
Crates
91.4%
Pirate
91.4%
Cosecant
91.1%
Sine
90.7%
Dr. Octopus
90.6%
Pauper
90.3%
Mary I
90.2%
Strength
90.1%
Micah
89.7%
Wisdom
89.3%
Intelligence
89.2%
Secant
88.9%
% Correct
Eye Color
88.5%
Dexterity
87.8%
James
87.7%
Charisma
87.6%
Traces
87.5%
No Toes
87.5%
Puppet
87.1%
The Vulture
86.6%
Blonde
86%
King
85.3%
Nose-Holes
85.2%
Beitzah
84.3%
Mysterio
83.9%
Sandman
83.7%
Kraven the Hunter
83.1%
Chazeret
82.8%
Pawn
82.6%
Baldness
81.5%
Hosea
81%
Blue Spit
80.1%
Karpas
79.8%
Charoset
78.9%
Titus
75.4%
Electro
74.3%
Zeroa
72%
Lady Jane Grey
70.7%
Maror
69.4%
Gloves
67%
Constitution
63.9%
Nahum
62.4%

You're not logged in!

Compare scores with friends on all Sporcle quizzes.
OR
Log In

Sporcle TV

Today on Sporcle TV


Watch our educational content, quiz creation guides, and fun videos on Sporcle TV.

Show Comments

Extras

Top Quizzes Today


Score Distribution

Your Account Isn't Verified!

In order to create a playlist on Sporcle, you need to verify the email address you used during registration. Go to your Sporcle Settings to finish the process.

Report this User

Report this user for behavior that violates our Community Guidelines.

Details: